00835 2200289 4500001002100000005001700021008004100038020002200079035002500101040001200126041000800138082001300146084001900159090001900178100001400197245012000211250001100331260004200342300003700384650002000421700001600441700001800457700001800475850001200493990002000505990002000525INLIS00000000001911120160411104221.0  a978-602-1645-04-8 a0010-041600000000115 aYOPDYOG aIND a899.2213 a899.2213 IWA k a899.2213 IWA k aIwan Yusi aKabut Murungkayub: Seuntai Cerita tentang Kerbau Rawa di Kalimantan Selatanc/ Iwan Yusi ; Penyunting, Iyan Wibowo aCet. 3 aYogyakarta :bMitra Gama Widya,c2013 avii, 118 hlm.b: ilus.c; 20 cm. aFiksi Indonesia aIyan Wibowo aMuti'ah Amini aTirto Suwondo aYOPDYOG a918-RBM/PD.A.16 a919-RBM/PD.A.16